000 01381nam a2200217Ia 4500
999 _c12636
_d12636
005 20241031181044.0
008 241026s9999 xx 000 0 und d
020 _a970-10-6642-1
040 _aUPAN
_cBiblioteca San Vicente
_eRCAA2
041 _aspa
082 _a302.2
_bF476c
_c2008
100 _aFernández Collado, Carlos
_4aut.
245 0 _aLa comunicación humana: en el mundo contemporáneo/
_cCarlos Fernández Collado
250 _a3° ed.
260 _aMéxico:
_bMcGrawHill
_c2008
300 _a446 p.
_c23 cm.
505 _aCapítulo 1: El desarrollo histórico de la comunicación como ciencia. Capítulo 2: La comunicación interpersonal. Capítulo 3: Dinámica de grupo y comunicación. Capítulo 4: La comunicación organizacional. Capítulo 5: Los medios de comunicación masiva. Capítulo 6: Comunicación intercultural. Capítulo 7: El comportamiento no verbal en la interacción humana. Capítulo 8: Comunicación persuasiva Capítulo 9: Lenguaje y comunicación. Capítulo 10: Comunicación y cambio social. Capítulo 11: Comunicación política. Capítulo 12: Tecnologías de la comunicación. Capítulo 13: investigación y comunicación. Capitulo 14: La comunicacion verbal; comó hablar en público.
650 _2LEMB
_xComunicación interpersonal
700 _aGalguera García, Laura
_4aut.
942 _2ddc
_cBK